Príhody a skúsenosti mladíka Reného

Román o mladíkovi, ktorému dal autor meno René, pretože šťastlivo prežil mnoho príhod na svojich cestách počul a videl veľa poučného a preto sa napokon i sám cítil ako znovu zrodený.

Podrobná bibliografia
Hlavný autor: Bajza, Jozef Ignác, 1755-1836 (Autor)
Ďalší autori: Mráz, Štefan, 1936-1999 (Rozprávač-komentátor)
Médium: CD Zvuková nahrávka
Jazyk:slovenčina
Fyzický popis:1 elektronický optický disk (CD-ROM) digitálny, MP3 12cm
Vydavateľské údaje: Levoča Slovenská knižnica pre nevidiacich Mateja Hrebendu 2020
ISBN:9788018086940 (CDROM)
Predmet:

MARC

LEADER 00000nim a2200000 a 4500
001 vtls011914505
003 SK-MaSNL
005 20260410152631.0
007 sd fungnnmmned
008 200131s2020 xo nnnnfs f n slo
015 |a SNBJ2023 
020 |a 9788018086940 (CDROM) 
040 |a SNK  |b slo  |c SNK  |e AACR2 
041 0 |a slo 
044 |a xo  |c SK 
072 7 |a 821.162.4-3  |x Slovenská próza  |2 konspekt 
080 |a 821.162.4-31  |2 2011 
080 |a 821-311.3  |2 2011 
080 |a (086.7)  |2 2011 
100 1 |a Bajza, Jozef Ignác,  |d 1755-1836  |4 aut  |9 107852 
245 1 0 |a Príhody a skúsenosti mladíka Reného  |h elektronický zdroj  |c Jozef Ignác Bajza ; číta: Štefan Mráz 
260 |a Levoča  |b Slovenská knižnica pre nevidiacich Mateja Hrebendu  |c 2020 
300 |a 1 elektronický optický disk (CD-ROM)  |b digitálny, MP3  |c 12cm 
306 |a 163000 
520 8 |a Román o mladíkovi, ktorému dal autor meno René, pretože šťastlivo prežil mnoho príhod na svojich cestách počul a videl veľa poučného a preto sa napokon i sám cítil ako znovu zrodený. 
521 |a Pre nevidiacich, slabozrakých a inak zdravotne postihnutých 
655 7 |a zvukové záznamy  |2 SNKPH  |9 70720 
655 7 |a slovenské romány  |2 SNKPH  |9 70324 
655 7 |a dobrodružné romány  |2 SNKPH  |9 70486 
700 |a Mráz, Štefan,  |d 1936-1999  |4 nrt  |9 916952 
919 |a 978-80-18-08694-0 
958 |a SX 
958 |a LX 
999 |c 950358  |d 952288 
952 |a SNK  |b SNK  |y PREZ  |7 0  |p 17A1466502  |o snkSCD 5668  |i snk2021/15101  |8 0  |0 0  |1 0  |4 0  |d 2021-10-11  |l 0  |r 2026-02-24 09:46:30  |w 2026-02-24